LEADER 02237nam0 2200433 i 450 001 BVEE021274 005 20170908093211.0 012 $ao-i- 7681 seas motu (3) 1556 (R)$2fei 100 $a20090226d1556 ||||0itac50 ba 101 | $aita 102 $ait 181 1$6z01$ai $bxxxe 182 1$6z01$an 200 1 $a˜Le œprose di m. Pietro Bembo, nelle quali si ragiona della volgar lingua, ... Diuise in tre libri, et reuiste con somma diligenza da m. Lodouico Dolce. Con la tauola 210 $aIn Vinegia$cappresso Gabriel Giolito de' Ferrari$d1556$e[Venezia$gGabriele Giolito De Ferrari] 215 $a[60], 259, [5] p.$cill., 1 ritr.$d12º 300 $aEdit16; Giolito-Annali, I, 501 300 $aMarca (A119) sul front. e (U387) a c. L11r 300 $aRitr. dell'A. a c. 3[ast]6v 300 $aCors. ; rom 300 $aSegn.: [ast]-2[ast]¹² 3[ast]⁶ A-L¹². 316 $a1 v. in vol. misc. - Mutilo dell'ultima c.$5IT-NA0079, BIBL.BRANC79 A 0033 500 10$aProse$3BVEE010166$9CFIV048916$91480206 620 $dVenezia$3SBLL003553 700 1$aBembo$b, Pietro$3CFIV048916$4070$039289 702 1$aDolce$b, Lodovico$3CFIV064508 712 02$aGiolito de Ferrari, Gabriele$3BVEV017412$4650 790 0$aAccademico Pellegrino$3BVEV048948$zDolce, Lodovico 790 1$aDolce$b, Ludovico$3SBNV007056$zDolce, Lodovico 791 02$aGiolito de Ferrari, Cabriele$3CFIV231408$zGiolito de Ferrari, Gabriele 801 3$aIT$bIT-NA0079$c20090226 850 $aIT-NA0079 912 $aBVEE021274 921 $aCFIM000015$bFenice rivolta a destra su un'anfora infuocata con sopra iniziali GGF sorretta da due satiri senza ali rivolti all'esterno con ramoscello in mano ciascuno.$cA119$dSul front. 921 $aVEAM000098$bFenice, rivolta al sole, su fiamme che si sprigionano da globo alato recante le iniziali G.G.F. Motto: Semper eadem$cU387$dA c. L11r 950 0$aBiblioteca Nazionale Vittorio Emanuele III$b1 v. in vol. misc.$c1 v. in vol. misc.$d BNBIBL.BRANC79 A 0033$e BN 0008561755 M (1 1 v. in vol. misc. - Mutilo dell'ultima c.$fC $h20090226$i20090226 977 $a BN 996 $aProse$91480206 997 $aUNISANNIO LEADER 01644nam 2200349 n 450 001 996391562503316 005 20221108092801.0 035 $a(CKB)4940000000109849 035 $a(EEBO)2248499199 035 $a(UnM)99865780 035 $a(EXLCZ)994940000000109849 100 $a19940303d1651 uy | 101 0 $aeng 135 $aurbn||||a|bb| 200 10$aTheauraujohn his Theous ori apokolipikal: or, God's light declared in mysteries$b[electronic resource] $eSalem ori ad te Israel. /$fTheauraujohn Tanni. Dedicated to the army and the risen people in all lands, coming forth in the first fruits in the evangelical operation. To these is the dedication of this book; and their eyes behold the truth, none else. I have added to this book the particular charges in the indictment against Captain Robert Norwood and my self, and my defence against the charge 210 $aLondon $cPrinted for the author, and are to be sold by Giles Calvert at the Black-Spread-Eagle at the West end of Pauls$d1651 215 $a[6], 78 p 300 $aAttributed to Thomas Tany. 300 $aAnnotation on Thomason copy: "Aug 13". 300 $aReproduction of the original in the British Library. 330 $aeebo-0018 606 $aReligion and politics$zEngland$vEarly works to 1800 615 0$aReligion and politics 700 $aTany$b Thomas$ffl. 1649-1655.$01004933 801 0$bCu-RivES 801 1$bCu-RivES 801 2$bCStRLIN 801 2$bWaOLN 906 $aBOOK 912 $a996391562503316 996 $aTheauraujohn his Theous ori apokolipikal: or, God's light declared in mysteries$92378202 997 $aUNISA